Loading...
| Fine Arts - Other | 0 | 6 | 0 | 4 | 60 | 36 | 86.83 | 2 | 2 | 0.00 | 0.00 |
| Social Science | 0 | 5 | 0 | 1 | 50 | 44 | 66.40 | 0 | 4 | 0.00 | 0.00 |
| History - American | 0 | 5 | 1 | 0 | 45 | 35 | 45.80 | 1 | 3 | 0.00 | 0.00 |
| Literature - World | 0 | 4 | 0 | 0 | 40 | 55 | 81.00 | 1 | 1 | 0.00 | 0.00 |
| Philosophy | 0 | 4 | 0 | 1 | 40 | 78 | 97.25 | 0 | 1 | 0.00 | 0.00 |
| History - World | 0 | 3 | 0 | 0 | 30 | 13 | 42.33 | 1 | 1 | 0.00 | 0.00 |
| Literature - American | 0 | 3 | 0 | 0 | 30 | 42 | 76.67 | 0 | 1 | 0.00 | 0.00 |
| Fine Arts - Classical Music | 0 | 3 | 0 | 0 | 30 | 85 | 103.67 | 0 | 0 | 0.00 | 0.00 |
| Science - Other | 0 | 3 | 0 | 1 | 30 | 25 | 60.67 | 0 | 2 | 0.00 | 0.00 |
| Painting/Sculpture | 0 | 3 | 1 | 1 | 25 | 64 | 93.00 | 0 | 0 | 0.00 | 0.00 |
| Science - Biology | 0 | 3 | 1 | 2 | 25 | 46 | 80.33 | 0 | 0 | 0.00 | 0.00 |
| History - European | 0 | 2 | 0 | 0 | 20 | 58 | 75.00 | 0 | 0 | 0.00 | 0.00 |
| Geography | 0 | 2 | 1 | 1 | 15 | 84 | 101.00 | 0 | 0 | 0.00 | 0.00 |
| Pop Culture | 0 | 1 | 0 | 0 | 10 | 65 | 65.00 | 0 | 0 | 0.00 | 0.00 |
| Religion | 0 | 1 | 0 | 0 | 10 | 93 | 93.00 | 0 | 0 | 0.00 | 0.00 |
| Science - Chemistry | 0 | 1 | 0 | 0 | 10 | 38 | 38.00 | 0 | 1 | 0.00 | 0.00 |
| Mythology | 0 | 1 | 0 | 0 | 10 | 64 | 64.00 | 0 | 0 | 0.00 | 0.00 |
| Literature - European | 0 | 0 | 0 | 0 | 0 | 0.00 | 0 | 0 | 0.00 | 0.00 | |
| History - Other | 0 | 0 | 2 | 0 | -10 | 0.00 | 0 | 0 | 0.00 | 0.00 |